Modern educational practice (Record no. 542898)

000 -LEADER
fixed length control field 00403nam a22001457a 4500
082 ## - DEWEY DECIMAL CLASSIFICATION NUMBER
Classification number 370.733
Author Mark MOR
-- L-29, p-32
100 ## - MAIN ENTRY--PERSONAL NAME
Personal name Mort R.
9 (RLIN) 38256
245 ## - TITLE STATEMENT
Title Modern educational practice
Statement of responsibility, etc. Mort R.
260 ## - PUBLICATION, DISTRIBUTION, ETC.
Place of publication, distribution, etc. New York
Name of publisher, distributor, etc. McGraw Hill Book Company, INC
Date of publication, distribution, etc. 1950
300 ## - PHYSICAL DESCRIPTION
Extent viii, 437 p.:
526 ## - STUDY PROGRAM INFORMATION NOTE
Program name 0
Interest level 0
Reading level 0
Title point value 370_733000000000000_MOR
650 ## - SUBJECT ADDED ENTRY--TOPICAL TERM
Topical term or geographic name entry element MCE
9 (RLIN) 379
700 ## - ADDED ENTRY--PERSONAL NAME
Personal name Mort R.
9 (RLIN) 38256
942 ## - ADDED ENTRY ELEMENTS (KOHA)
Source of classification or shelving scheme
Koha item type Book
Holdings
Withdrawn status Lost status Source of classification or shelving scheme Damaged status Not for loan Permanent Location Current Location Date acquired Total Checkouts Full call number Barcode Date last seen Price effective from Koha item type
          Military College of Engineering (MCE) Military College of Engineering (MCE) 02/24/2014   370.733 MOR MCE-40026 02/24/2014 02/24/2014 Book
© 2023 Central Library, National University of Sciences and Technology. All Rights Reserved.